00665nam a2200241 a 4500001001300000003000900013005001700022008004100039020001000080082001300090100002300103245003800126260003700164300000900201500003500210505001900245650001300264700002300277902000800300942000700308952009300315999001500408nice12345678IN_TiNIC20260116011418.0050524s1959 chia grp 000 0 eng  ac16100a200bKIT aKitagawa, Joseph M aModern Trends in World Religions. aChicagobOpen Court Pub.Coc1959 a286p aincludes index and biblioraphy2 aBiblio, Index. aReligion1 aKitagawa, Joseph M bSRS cBK 00104070aHMIbHMId2005-05-24g161.00l0o200 KITp02778r2017-10-04w2026-01-16yEB c1301d1301